Ética profesional/José A. Silié Gatón (Registro nro. 18744)
[ vista simple ]
| 000 -LEADER | |
|---|---|
| fixed length control field | 00426nam a22001691a 4500 |
| 001 - CONTROL NUMBER | |
| control field | 18744 |
| 003 - CONTROL NUMBER IDENTIFIER | |
| control field | OSt |
| 005 - DATE AND TIME OF LATEST TRANSACTION | |
| control field | 20260204212420.0 |
| 008 - FIXED-LENGTH DATA ELEMENTS--GENERAL INFORMATION | |
| fixed length control field | 180616s2014||||dr ||||||b||||||||||spa|| |
| 082 ## - DEWEY DECIMAL CLASSIFICATION NUMBER | |
| Classification number | RD174 S583e |
| 100 ## - ASIENTO PRINCIPAL -- NOMBRE PERSONAL | |
| Personal name | Silié Gatón,José A. |
| 245 ## - TÍTULO PROPIAMENTE DICHO: SUBTÍTULO | |
| Title | Ética profesional/José A. Silié Gatón |
| 264 ## - PRODUCTION, PUBLICATION, DISTRIBUTION, MANUFACTURE, AND COPYRIGHT NOTICE | |
| Place of production, publication, distribution, manufacture | Santo Domingo:La Filantrópica |
| 300 ## - PHYSICAL DESCRIPTION | |
| Extensión | 248 p |
| 650 ## - ASIENTO SECUNDARIO DE MATERIA -- TERMINO TEMÁTICO | |
| Termino Temático Como Elemento de Entrada | Ética profesionalÌ |
| 942 ## - ADDED ENTRY ELEMENTS (KOHA) | |
| Source of classification or shelving scheme | Dewey Decimal Classification |
| Koha item type | Libros |
| Withdrawn status | Lost status | Source of classification or shelving scheme | Damaged status | Not for loan | Current library | Date acquired | Total Checkouts | Full call number | Barcode | Date last seen | Date last checked out | Price effective from | Koha item type |
|---|---|---|---|---|---|---|---|---|---|---|---|---|---|
| Dewey Decimal Classification | Biblioteca UTECO | 09/09/2019 | 1 | RD174 S583E | 018356 | 02/28/2023 | 02/28/2023 | 09/09/2019 | Libros | ||||
| Dewey Decimal Classification | Biblioteca UTECO | 09/09/2019 | RD174 S583E | 018357 | 09/09/2019 | 09/09/2019 | Libros | ||||||
| Dewey Decimal Classification | Biblioteca UTECO | 09/09/2019 | RD174 S583E | 018358 | 09/09/2019 | 09/09/2019 | Libros | ||||||
| Dewey Decimal Classification | Biblioteca UTECO | 09/09/2019 | RD174 S583E | 018359 | 09/09/2019 | 09/09/2019 | Libros |
